Mathematics / (Record no. 5468)
[ view plain ]
| 000 -LEADER | |
|---|---|
| fixed length control field | 00593nam a2200241 a 4500 |
| 001 - CONTROL NUMBER | |
| JCCL Control Number | 5468 |
| 003 - CONTROL NUMBER IDENTIFIER | |
| JCCL marc code | BD-JhCC |
| 005 - DATE AND TIME OF LATEST TRANSACTION | |
| control field | 20171221195324.0 |
| 008 - FIXED-LENGTH DATA ELEMENTS--GENERAL INFORMATION | |
| fixed length control field | 171214s19601981e |||| || | 000 0 eng d |
| 020 ## - INTERNATIONAL STANDARD BOOK NUMBER | |
| International Standard Book Number | 0435502336 |
| 035 ## - SYSTEM CONTROL NUMBER | |
| system control number | (BD-JhCC)5468 |
| 040 ## - CATALOGING SOURCE | |
| Original cataloging agency | BD-JhCC |
| Modifying agency | BD-JhCC |
| 041 ## - LANGUAGE CODE | |
| Language code of Book | eng |
| 082 ## - DEWEY DECIMAL CLASSIFICATION NUMBER | |
| Classification number | 510 |
| Author mark and Year | CLA 1981 |
| 100 ## - MAIN ENTRY--PERSONAL NAME | |
| Personal name | Clarke, L. Harwood |
| 245 ## - TITLE STATEMENT | |
| Title | Mathematics / |
| Statement of responsibility, etc | L. Harwood Clarke, |
| 250 ## - EDITION STATEMENT | |
| Edition statement | 4th ed. |
| 260 ## - PUBLICATION, DISTRIBUTION, ETC. (IMPRINT) | |
| Place of publication, distribution, etc | London : |
| Name of publisher, distributor, etc | Heinemann Educational Books, |
| Date of publication, distribution, etc | 1981. |
| 300 ## - PHYSICAL DESCRIPTION | |
| Pagination | 324 p. : |
| Dimensions | 22 cm. |
| 650 ## - SUBJECT ADDED ENTRY--TOPICAL TERM | |
| Topical term or geographic name as entry element | Mathematics |
| 942 ## - ADDED ENTRY ELEMENTS (KOHA) | |
| Source of classification or shelving scheme | Dewey Decimal Classification |
| Koha item type | Books |
| Source of classification or shelving scheme | volume number | Damaged status | Not for loan | Home library | Current library | Shelving location | Date of accession | Total Checkouts | Full call number | Barcode | Date last seen | Date checked out | Copy number | Koha item type |
|---|---|---|---|---|---|---|---|---|---|---|---|---|---|---|
| Dewey Decimal Classification | V-2 | JCC Rouf Library | JCC Rouf Library | General Stacks | 12/14/2017 | 4 | 510 CLA 1981 | 7699 | 12/10/2024 | 11/11/2024 | C-1 | Books | ||
| Dewey Decimal Classification | v-3 | JCC Rouf Library | JCC Rouf Library | General Stacks | 12/14/2017 | 1 | 510 CLA 1981 | 7700 | 02/26/2025 | 01/18/2025 | C-1 | Books |